000 00528nam a22001817a 4500
001 TVUNI
005 20260126014644.0
008 221102s2004 vm vie d
020 _c37000
040 _aTVUNI
_eAACR2
041 0 _avie
110 2 _aBộ tài chính
245 1 0 _aHệ thống các văn bản hướng dẫn thực hiện luật kế toán- Luật thống kê /
_cBộ tài chính
260 _aHà Nội :
_bTài Chính,
_c2004
300 _a319 tr. ;
_c21 cm.
942 _2ddc
_cBK
999 _c2444
_d2444
912 _a1
_bHiển Phạm